Introduction to modern optics (Record no. 4989)

000 -LEADER
fixed length control field 00528nam a2200205 4500
001 - CONTROL NUMBER
control field 4989
003 - CONTROL NUMBER IDENTIFIER
control field BD-DhUET
008 - FIXED-LENGTH DATA ELEMENTS--GENERAL INFORMATION
fixed length control field 720127t19721971nyua b 001 0 eng
020 ## - INTERNATIONAL STANDARD BOOK NUMBER
International Standard Book Number 0070231567
040 ## - CATALOGING SOURCE
Original cataloging agency DLC
Transcribing agency DLC
Modifying agency BD-DhUET
082 00 - DEWEY DECIMAL CLASSIFICATION NUMBER
Classification number 535
Item number GHA/1971
100 ## - MAIN ENTRY--PERSONAL NAME
Personal name Ghatak, Ajoy K.
245 13 - TITLE STATEMENT
Title Introduction to modern optics
Statement of responsibility, etc. by Ajoy K. Ghatak
250 ## - EDITION STATEMENT
Edition statement 1st ed.
260 ## - PUBLICATION, DISTRIBUTION, ETC. (IMPRINT)
Place of publication, distribution, etc. New York
Name of publisher, distributor, etc. McGraw-Hill
Date of publication, distribution, etc. 1971
300 ## - PHYSICAL DESCRIPTION
Extent xix, 368 p.
Other physical details ill.
Dimensions 24 cm.
504 ## - BIBLIOGRAPHY, ETC. NOTE
Bibliography, etc Includes bibliographies
650 #0 - SUBJECT ADDED ENTRY--TOPICAL TERM
Topical term or geographic name as entry element Optics
942 ## - ADDED ENTRY ELEMENTS (KOHA)
Koha item type General Book
Holdings
Lost status Shelving location Copy number Withdrawn status Location (home branch) Damaged status Sublocation or collection (holding branch) Price effective from Source of classification or shelving scheme Date acquired Piece designation (barcode) Not for loan Koha normalized classification for sorting Koha date last seen Koha item type Koha full call number
 Circulation section1 Central Library, BUET Central Library, BUET2014-11-24 2014-11-2433567 535_000000000000000_GHA_19712014-11-24General Book535/GHA/1971
 Circulation section2 Central Library, BUET Central Library, BUET2014-11-24 2014-11-2433568 535_000000000000000_GHA19712014-11-24General Book535 GHA/1971